Museo Correr.

Saved in:
Bibliographic Details
Main Author: Pignatti, Terisio, 1920-
Format: Book
Language:Italian
Published: Bergamo, Istituto italiano d'arti grafiche [1958]
Series:Gallerie e musei del mondo
Subjects:
Tags: Add Tag
No Tags, Be the first to tag this record!
LEADER 00561nam a2200205I 4500
001 005299159-8
005 20020606095253.2
008 740925s1958 xx 000 0 ita u
010 |a a 59003322  
035 0 |a ocm01020626 
040 |c RRR  |d HFL 
100 1 |a Pignatti, Terisio,  |d 1920- 
245 0 0 |a Museo Correr. 
260 |a Bergamo, Istituto italiano d'arti grafiche  |c [1958] 
300 |a 138 p.  |b illus. (31 mounted col.)  |c 32 cm. 
490 0 |a Gallerie e musei del mondo 
610 2 0 |a Museo Correr. 
650 0 |a Painting  |z Venice. 
988 |a 20020608 
906 |0 MH